Roller coasters made by B&M - Statistiques

Statistiques générales
  • Ce quiz a été pris 91 fois
  • Le résultat moyen est 62 sur 130
Statistiques - réponses
Opened Réponse Park Model % Correct
2012 OzIris Parc Asterix Inverted
88%
2002 Silver Star Europa Park Hyper
86%
1996 Orochi /Monster Expoland /Walygator Grand Est Inverted
84%
2015 Baron 1898 Efteling Dive
81%
1998 Oblivion Alton Towers Dive
81%
2012 Shambhala PortAventura Park Hyper
81%
1992 Batman The Ride Six Flags Great America Inverted
79%
1993 Batman The Ride Six Flags Great Adventure Inverted
79%
1994 Batman The Ride Six Flags Magic Mountain Inverted
79%
1995 Batman The Ride Six Flags St Louis Inverted
79%
1997 Batman The Ride Six Flags Over Georgia Inverted
79%
1999 Batman The Ride Six Flags Over Texas Inverted
79%
2006 Black Mamba Phantasialand Inverted
79%
1995 Gambit /Batman The Ride / Chupacabra Thrill Valley /Six Flags New Orleans / Six Flags Fiesta Texas Inverted
79%
2021 Monster Gröna Lund Inverted
79%
2018 Fēnix Toverland Wing
77%
2009 Manta SeaWorld Orlando Flying
77%
1994 Nemesis Reborn Alton Towers Inverted
77%
2011 Krake Heide Park Dive
74%
1994 Raptor Cedar Point Inverted
74%
2011 Raptor Gardaland Wing
74%
1995 Dragon Khan PortAventura Park Sitting
72%
2002 Galactica Alton Towers Flying
72%
1996 Montu Busch Gardens Tampa Bay Inverted
72%
2015 Fury 325 Carowinds Hyper
70%
2013 GateKeeper Cedar Point Wing
67%
2012 Leviathan Canada's Wonderland Hyper
67%
2016 Mako SeaWorld Orlando Hyper
67%
2006 Goliath Six Flags Over Georgia Hyper
65%
2006 Goliath La Ronde Hyper
65%
2000 Katun Mirabilandia Inverted
65%
2020 Orion Kings Island Hyper
65%
2023 Pipeline the Surf Coaster SeaWorld Orlando Surf
65%
2005 SheiKra Busch Gardens Tampa Bay Dive
65%
2016 Valravn Cedar Point Dive
65%
1997 Alpengeist Busch Gardens Williamsburg Inverted
63%
2020 Candymonium Hersheypark Hyper
63%
2003 Nemesis Inferno Thorpe Park Inverted
63%
2015 Oblivion The Black Hole Gardaland Dive
63%
2007 Griffon Busch Gardens Williamsburg Dive
60%
1999 Incredible Hulk Universal Studios Islands of Adventure Sitting
60%
2012 Swarm Thorpe Park Wing
60%
2015 Thunderbird Holiday World Wing
60%
2019 Yukon Striker Canada's Wonderland Dive
60%
2014 Banshee Kings Island Inverted
58%
2013 Hot Wheels Nitro Imagicaa Floorless
58%
2000 Kraken SeaWorld Orlando Floorless
58%
1993 Kumba Busch Gardens Tampa Bay Sitting
58%
2025 Rapterra Kings Dominion Wing
58%
1996 Rougarou Cedar Point Stand Up / Floorless
58%
2016 Flying Dinosaur Universal Studios Japan Flying
56%
2001 Nitro Six Flags Great Adventure Hyper
56%
2024 Phoenix Rising Busch Gardens Tampa Bay Family Inverted
56%
2006 Tatsu Six Flags Magic Mountain Flying
56%
2018 Valkyria Liseberg Dive
56%
1999 Apollo's Chariot Busch Gardens Williamsburg Hyper
53%
2009 Diamondback Hersheypark Hyper
53%
2001 Talon Dorney Park Inverted
53%
2002 Superman - Ultimate Flight Six Flags Over Georgia Flying
51%
2003 Superman - Ultimate Flight Six Flags Great Adventure Flying
51%
2003 Superman - Ultimate Flight Six Flags Great America Flying
51%
2025 Big Bad Wolf: The Wolf’s Revenge Busch Gardens Williamsburg Family Inverted
49%
2024 Iron Menace Dorney Park Dive
49%
1997 Pyrenees Parque Espana-Shima Spain Village Inverted
49%
2010 Thunder Striker Carowinds Hyper
49%
1997 Chang /Green Lantern Kentucky Kingdom /Six Flags Great Adventure Stand Up
47%
2004 Dæmonen Tivoli Gardens Floorless
47%
2022 Emperor SeaWorld San Diego Dive
47%
1999 Medusa Six Flags Great Adventure Floorless
47%
2024 Penguin Trek SeaWorld Orlando Family
47%
1999 Dragon Challenge Chinese Fireball Universal Studios Islands of Adventure Inverted
44%
1999 Dragon Challenge Hungarian Horntail Universal Studios Islands of Adventure Inverted
44%
2000 Medusa Six Flags Discovery Kingdom Floorless
44%
2012 Wild Eagle Dollywood Wing
44%
2001 Wildfire Silver Dollar City Sitting
44%
2012 X-Flight Six Flags Great America Wing
44%
2021 Decepticoaster Universal Studios Beijing Sitting
42%
2014 Flug der Dämonen Heide Park Wing
42%
1990 Iron Wolf /Firebird Six Flags Great America /Six Flags America Stand Up /Sitting
42%
1991 Patriot California's Great America Stand Up / Sitting
42%
2006 Patriot Worlds Of Fun Inverted
42%
2008 Dive Coaster Chimelong Paradise Dive
40%
1998 Great Bear Hersheypark Inverted
40%
2004 Silver Bullet Knott's Berry Farm Inverted
37%
2002 Superman - la Atracción de Acero Parque Warner Madrid Floorless
37%
2015 Acrobat Nagashima Spa Land Flying
35%
1999 Afterburn Carowinds Inverted
35%
2008 Behemoth Canada's Wonderland Hyper
35%
2000 Dominator Geauga Lake /Kings Dominion Floorless
35%
1999 Raging Bull Six Flags Great America Hyper
35%
2002 Shadows of Arkham Parque Warner Madrid Inverted
35%
1999 Georgia Scorcher Six Flags Over Georgia Stand Up
33%
2023 Maximus - Der Flug des Wächters Legoland Deutschland Wing
33%
2023 Mandrill Mayhem Chessington World of Adventures Wing
30%
1998 Riddler's Revenge Six Flags Magic Mountains Stand Up
30%
2003 Scream! Six Flags Magic Mountain Floorless
30%
2014 Family Inverted Coaster Happy Valley Family Inverted
28%
2018 Family Inverted Coaster Happy Valley Family Inverted
28%
2005 Hydra The Revenge Dorney Park Floorless
28%
2014 Parrot Coaster Chimelong Ocean Kingdom Wing
28%
2002 Vampire La Ronde Inverted
28%
2018 Wing Coaster Colourful Yunnan Paradise Wing
28%
2019 Falcon Wuxi Sunac Land Wing
26%
1997 Great White SeaWorld San Antonio Inverted
26%
2007 Hollywood Dream: The Ride Universal Studio Japan Hyper
26%
1992 Vortex Carowinds Stand Up
26%
2025 Wrath of Rakshasa Six Flags Great America Dive
26%
2011 Starry Sky Ripper Joyland Flying
23%
1994 Diavlo Himeji Central Park Inverted
21%
2000 Diving Machine G5 Janfusun Fancyworld Dive
21%
1993 Flight Deck California's Great America Inverted
21%
2002 Batman - The Dark Knight Six Flags New England Floorless
19%
2017 Flying Wing Coaster Happy Valley Wing
19%
2022 DaVinci Ride Fantasy Valley Wing
16%
2009 Diving Coaster Happy Valley Dive
16%
2022 Dr. Diabolical's Cliffhanger Six Flags Fiesta Texas Dive
16%
2025 Big LEGO Coaster Legoland Shanghai Family Inverted
14%
2019 Flight of the Himalayan Eagle Music Roller Coaster Happy Valley Hyper
14%
2020 Forest Predator Happy Valley Wing
14%
2011 Hair Raiser Ocean Park Floorless
14%
2015 Harpy Xishuangbanna Sunac Land Flying
14%
2007 Phaethon Gyeongju World Inverted
14%
2000 Superman Krypton Coaster Six Flags Fiesta Texas Floorless
14%
2008 Time Machine /Dragon's Run Freestyle Music Park / Dragon Park Floorless
14%
2006 Crystal Wing Happy Valley Flying
12%
2018 Draken Gyeongju World Dive
12%
2018 Flying Apsaras in Western Region Happy Valley Dive
12%
2018 Heaven's Wing HB World Wing
9%
2001 Insane Speed Janfusun Fancyworld Floorless
9%
2004 Lightning Kuwait Entertainment City Inverted
9%
Aucun quiz correspondant
Distribution des résultats
% des personnes avec chaque résultat
Percentile par nombre de réponses
Votre historique - résultats
Vous n’avez pas pris ce quiz